Danish regions - Statistics

General Stats
  • This quiz has been taken 18 times
    17 since last reset
  • The average score is 3 of 5
Answer Stats
Answer % Correct
Sjælland
90%
Midtjylland
80%
Nordjylland
70%
Syddanmark
60%
Hovedstaden
40%
No matching quizzes found
Score Distribution
Percent of People with Each Score
Percentile by Number Answered
Your Score History
You have not taken this quiz since the last reset